00510nam a2200169Ia 4500001001000000003000500010008004100015010001100056040000900067082001700076100003000093245007600123260006000199300001600259650002600275710003900301Para_7626CHAP220125s1979 xx 000 0 und d a206520 cCHAP aPA 632.7 P44 aPedroza Sandoval, Aurelio aNotas del curso de plagas agrícolas /c por Aurelio Pedroza Sandoval aChapingo, Méx. :b UACh. Departamento de Zonas Aridas ac.a. 220 h. aAgricultura x plagas aUACh. Departamento de Zonas Aridas